000 00455nam a2200181Ia 4500
001 3380
005 20260306145639.0
008 260306t1997||||xx |||||||||||||| ||spa||
041 _aESP
082 _a270.92
_bJ81
100 _aJuan Pablo II
_eAUT
245 0 _aDon y misterio:
_ben el quincuagésimo aniversario de mi sacerdocio
260 _c1997
300 _a107 páginas :
_c22 cm.
650 _aGEN
654 _aCHU
942 _cLIB
_dJUS
_fJUS
_2ddc
_n
999 _c3380
_d3380